Logos d’enseignes de grande distribution - Statistiques

Statistiques générales
  • Ce quiz a été pris 4 140 fois
  • Le résultat moyen est 12 sur 16
Statistiques - réponses
Par images Réponse % Correct
Auchan
99%
Carrefour
99%
Intermarché
99%
Lidl
99%
Aldi
98%
E.Leclerc
98%
Super U
93%
Picard
89%
Grand Frais
88%
Casino
82%
Monoprix
72%
Cora
66%
Franprix
49%
Match
26%
Costco
20%
Norma
12%
Aucun quiz correspondant
Distribution des résultats
% des personnes avec chaque résultat
Percentile par nombre de réponses
Votre historique - résultats
Vous n’avez pas pris ce quiz